00860 a2200217 4500003000500000005001700005010001600022020001500038040000900053082001900062100002900081245009600110260005300206300002900259505011900288650002800407650003300435942002800468999001900496952012700515NUST20230120172857.0 a 80017891 a0137625421 cNust00a728.302433,KLE1 aKleeman, Leonard,94746710aReal estate encyclopedia of home design, construction, and architecture /cLeonard Kleeman. aEnglewood Cliffs, N.J. :bPrentice-Hall,cc1981. a333 p. :bill. ;c29 cm. aArchitectural Design and Function (Page-21), The Construction Process (Page-109), Mechanical Systems (Page-225).  0aArchitecture, Domestic. 0aReal estate business.947468 2ddccBKk728.302433,KLE c185212d185212 00102ddc4070aMCSbMCScGENd2016-12-12o728.302433,KLEpMCS5965r2016-12-08w2016-12-12yBKzAlmirah No.55, Shelf No.6